[Event "16th Corsica Masters"]
[Site "Bastia FRA"]
[Date "2012.10.27"]
[Round "4"]
[White "Frick, Christoph"]
[Black "Shchekachev, Andrei"]
[Result "0-1"]
[BlackTitle "GM"]
[WhiteElo "2264"]
[BlackElo "2519"]
[WhiteFideId "4607090"]
[BlackFideId "4107730"]
[EventDate "2012.10.27"]

1. e4 c5 2. Nc3 d6 3. g3 g6 4. Bg2 Bg7 5. d3 Nc6 6. Nh3 Rb8 7. O-O e6 8. f4 Nge7
9. Be3 O-O 10. Qd2 b6 11. g4 d5 12. Bf2 dxe4 13. Bxe4 e5 14. f5 gxf5 15. gxf5
Bxf5 16. Qe3 Nd4 17. Rac1 Qd7 18. Ng5 f6 19. Nf3 Bh3 20. Kh1 Bxf1 21. Rxf1 f5
22. Rg1 fxe4 23. Nxe5 Qe6 24. Qg5 Ng6 25. Nxg6 hxg6 0-1

[Event "16th Corsica Masters"]
[Site "Bastia FRA"]
[Date "2012.10.27"]
[Round "4"]
[White "Dimitrov, Radoslav"]
[Black "Ljubisavljevic, Zivojin Z"]
[Result "1-0"]
[WhiteTitle "IM"]
[BlackTitle "IM"]
[WhiteElo "2403"]
[BlackElo "2252"]
[WhiteFideId "2908549"]
[BlackFideId "902896"]
[EventDate "2012.10.27"]

1. c4 e5 2. Nc3 f5 3. Nf3 Nc6 4. d4 e4 5. Bg5 Be7 6. Bxe7 Ngxe7 7. Nd2 O-O 8. e3
d6 9. g3 Ng6 10. h4 h6 11. h5 Nh8 12. Ne2 Nf7 13. Nf4 Ng5 14. Rc1 Ne7 15. c5 Be6
16. Nxe6 Nxe6 17. Qb3 d5 18. Qxb7 Ng5 19. Qa6 Rf6 20. Qa5 Nc6 21. Qc3 a5 22. a3
Qb8 23. Rb1 a4 24. Be2 Na5 25. Qb4 Nc6 26. Qxb8+ Rxb8 27. b4 axb3 28. Rxb3 Ra8
29. O-O Ne6 30. Ra1 Ncxd4 31. exd4 Nxd4 32. Bd1 f4 33. Rb4 Nc6 34. Ra4 Raf8 35.
Bb3 e3 36. Bxd5+ Kh8 37. Ne4 exf2+ 38. Kxf2 fxg3+ 39. Kg2 Ra8 1-0

[Event "16th Corsica Masters"]
[Site "Bastia FRA"]
[Date "2012.10.27"]
[Round "4"]
[White "Gromovs, Sergejs"]
[Black "Philippe, Christophe"]
[Result "1-0"]
[WhiteTitle "FM"]
[BlackTitle "IM"]
[WhiteElo "2169"]
[BlackElo "2391"]
[WhiteFideId "811394"]
[BlackFideId "610038"]
[EventDate "2012.10.27"]

1. d4 Nf6 2. Nf3 c5 3. d5 e6 4. c4 b5 5. Bg5 h6 6. Bxf6 gxf6 7. e4 Bg7 8. Nc3 b4
9. Nb5 O-O 10. dxe6 fxe6 11. Qd6 Nc6 12. Qxc5 f5 13. Bd3 a6 14. Nd6 Bxb2 15. O-O
Bxa1 16. Rxa1 Qf6 17. Rd1 f4 18. e5 Qg7 19. Be4 a5 20. Nh4 Qxe5 21. Qxe5 Nxe5
22. Bxa8 Ba6 23. Be4 a4 24. Ng6 Nxg6 25. Bxg6 Rb8 26. Bc2 b3 27. axb3 axb3 28.
Bb1 Rb4 29. Kf1 Bxc4+ 30. Nxc4 Rxc4 31. Ke2 d5 32. Rd3 Rb4 33. Kd2 Kf7 34. Kc3
Re4 35. Rf3 Rc4+ 36. Kxb3 Ke7 37. Bd3 Rd4 38. Kc3 e5 39. Rh3 Ra4 40. Rxh6 Ra3+
41. Kd2 e4 42. Bc2 d4 43. Bxe4 Ra8 1-0

[Event "16th Corsica Masters"]
[Site "Bastia FRA"]
[Date "2012.10.27"]
[Round "5"]
[White "Srienz, Christian"]
[Black "Pesotsky, Alexandr"]
[Result "0-1"]
[WhiteTitle "FM"]
[WhiteElo "2323"]
[BlackElo "1971"]
[WhiteFideId "1603175"]
[BlackFideId "14128080"]
[EventDate "2012.10.27"]

1. c4 Nf6 2. Nc3 g6 3. g3 Bg7 4. Bg2 O-O 5. d4 d6 6. Nf3 Nc6 7. d5 Na5 8. Qd3 c5
9. O-O Rb8 10. Rb1 a6 11. b3 b5 12. Nd2 bxc4 13. bxc4 Rxb1 14. Qxb1 Nd7 15. Qc2
Ne5 16. Na4 e6 17. h3 exd5 18. cxd5 Bd7 19. Ba3 Bb5 20. f4 Nec4 21. Nxc4 Nxc4
22. Bc1 Qa5 23. Nb2 Qxa2 24. e3 Nxe3 25. Bxe3 Bxf1 26. Bxf1 Qxb2 27. Qxb2 Bxb2
28. Bxa6 Bd4 29. Kf2 Bxe3+ 30. Kxe3 Ra8 31. Bd3 Ra3 32. Kd2 Rxd3+ 33. Kxd3 f5
34. Kc4 Kf7 35. Kb5 Ke7 36. Kc4 Kd7 37. Kb5 Kc7 38. Ka5 Kd7 39. Kb5 Ke7 40. Kc4
Kf6 41. Kb5 g5 42. h4 gxf4 43. gxf4 Kg6 44. Kc6 c4 45. Kxd6 c3 46. Ke7 c2 47. d6
c1=Q 48. d7 Qxf4 49. h5+ Kxh5 50. Ke8 Qd6 0-1

[Event "16th Corsica Masters"]
[Site "Bastia FRA"]
[Date "2012.10.27"]
[Round "5"]
[White "Shchekachev, Andrei"]
[Black "Dimitrov, Radoslav"]
[Result "1/2-1/2"]
[WhiteTitle "GM"]
[BlackTitle "IM"]
[WhiteElo "2519"]
[BlackElo "2403"]
[WhiteFideId "4107730"]
[BlackFideId "2908549"]
[EventDate "2012.10.27"]

1. Nf3 Nf6 2. c4 c5 3. Nc3 g6 4. d4 Bg7 5. e4 cxd4 6. Nxd4 d6 7. Be2 Nc6 8. Be3
O-O 9. O-O Nd7 10. Rb1 Nc5 11. Qd2 Nxd4 12. Bxd4 Bxd4 13. Qxd4 e5 14. Qd2 Ne6
15. Rfd1 Nf4 16. Bf1 Bg4 17. f3 Be6 18. g3 Nh5 19. Qxd6 Qf6 20. Nd5 Qg5 21. Qe7
Qxe7 22. Nxe7+ Kg7 23. Rd2 Nf6 24. Nd5 Rac8 25. Rbd1 Nd7 26. b4 b6 27. a3 Nb8
28. b5 Rfe8 29. Kf2 Nd7 30. Nb4 Nb8 31. Nd5 Nd7 32. Nb4 Nb8 33. Rc1 Rc7 34. Nd5
Rcc8 35. a4 Nd7 36. Ra1 Nc5 37. Rb2 f5 38. a5 fxe4 39. axb6 axb6 40. Ra7+ Kh6
41. Nf6 Rf8 42. Rxh7+ Kg5 43. Nxe4+ Nxe4+ 44. Ke3 Nd6 45. h4+ Kf6 46. g4 Bxc4
47. Bh3 Rf7 48. g5+ Ke7 49. Rxf7+ Bxf7 50. Bxc8 Nxc8 51. Rc2 Nd6 52. Rc7+ Ke6
53. Rc6 Kd5 54. Kf2 Nxb5 55. Rxb6 Nd6 56. Ra6 Be8 57. Ra5+ Ke6 58. Ra6 Ke7 59.
Ra7+ Bd7 60. Ra6 Bf5 61. Ra7+ Ke6 62. Ra6 Kd5 63. Ra5+ Kd4 64. Ra6 Nc4 65. h5
gxh5 66. g6 Bxg6 67. Rxg6 e4 68. f4 e3+ 69. Ke2 Ke4 70. Rh6 Kxf4 71. Rxh5 Ne5
72. Rxe5 Kxe5 1/2-1/2

[Event "16th Corsica Masters"]
[Site "Bastia FRA"]
[Date "2012.10.27"]
[Round "5"]
[White "Battaglini, Gabriel"]
[Black "Jussupow, Artur"]
[Result "1-0"]
[WhiteTitle "IM"]
[BlackTitle "GM"]
[WhiteElo "2434"]
[BlackElo "2608"]
[WhiteFideId "621650"]
[BlackFideId "4618777"]
[EventDate "2012.10.27"]

1. d4 Nf6 2. c4 e6 3. Nc3 d5 4. cxd5 exd5 5. Bg5 Be7 6. e3 Nbd7 7. Bd3 O-O 8.
Nge2 Re8 9. O-O c6 10. Qc2 Nf8 11. f3 Be6 12. Rae1 N6d7 13. Bxe7 Qxe7 14. Nf4
Qd6 15. Nxe6 Rxe6 16. Bf5 Re7 17. Re2 Rae8 18. Rfe1 Nb6 19. Bd3 Qh6 20. Nd1 Ne6
21. b4 g6 22. a4 Rc7 23. a5 Nc8 24. Nb2 Nd6 25. Na4 Rce7 26. Nc5 Nc7 27. a6 b5
28. e4 Qf4 29. Rf1 f6 30. g3 Qh6 31. Rfe1 Qh5 32. Kg2 Nf7 33. Qd2 Ng5 34. Re3
Qh3+ 35. Kg1 Qh5 36. Kg2 Qh3+ 37. Kg1 Kg7 38. Bf1 Qc8 39. Bg2 dxe4 40. fxe4 Nxa6
41. e5 Nxc5 42. exf6+ Kxf6 43. Rxe7 Rxe7 44. Rxe7 Qf5 45. Re5 Qb1+ 46. Re1 1-0

[Event "16th Corsica Masters"]
[Site "Bastia FRA"]
[Date "2012.10.27"]
[Round "5"]
[White "Angelov, Zvetomir"]
[Black "Massoni, Michael"]
[Result "1/2-1/2"]
[BlackTitle "FM"]
[WhiteElo "2108"]
[BlackElo "2381"]
[WhiteFideId "2905353"]
[BlackFideId "654213"]
[EventDate "2012.10.27"]

1. c4 e5 2. Nc3 Nf6 3. Nf3 Nc6 4. e3 d5 5. cxd5 Nxd5 6. Bb5 Nxc3 7. dxc3 Qxd1+
8. Kxd1 Bd7 9. e4 O-O-O 10. Ke2 f6 11. Be3 a6 12. Bd3 Be6 13. b3 Be7 14. Rhd1 g6
15. Bc2 b6 16. h3 Ba3 17. Rxd8+ Rxd8 18. Rd1 Rxd1 19. Kxd1 a5 20. Bd3 Kb7 21.
Kc2 Bf8 22. g4 Nd8 23. Nd2 Nf7 24. f3 Kc6 25. Bc4 Nd8 26. Bd3 Bc5 27. Bh6 Nf7
28. Bg7 Be7 29. h4 Nd6 30. Nf1 a4 31. Ne3 axb3+ 32. axb3 Nb7 33. b4 Kd7 34. Nd5
Bxd5 35. exd5 Nd6 36. h5 e4 37. fxe4 Nf7 38. Bb5+ Kd6 39. hxg6 hxg6 40. Be8 Ne5
41. g5 fxg5 42. Bxe5+ Kxe5 43. Bxg6 g4 44. Kd3 Kf4 45. Ke2 b5 46. Kf2 Bf6 47.
Be8 Bxc3 48. Bxb5 Kxe4 49. Bc6 Kf4 50. b5 Bd4+ 51. Kg2 Bc5 52. Bd7 Bd4 53. Bc6
Bc5 1/2-1/2

[Event "16th Corsica Masters"]
[Site "Bastia FRA"]
[Date "2012.10.27"]
[Round "5"]
[White "Dimitrov, Pavel"]
[Black "Djuric, Stefan"]
[Result "0-1"]
[WhiteTitle "IM"]
[BlackTitle "GM"]
[WhiteElo "2321"]
[BlackElo "2445"]
[WhiteFideId "2907470"]
[BlackFideId "900133"]
[EventDate "2012.10.27"]

1. e4 c5 2. b4 cxb4 3. a3 bxa3 4. Bxa3 d6 5. d4 Nf6 6. Bd3 g6 7. c3 Bg7 8. Nf3
O-O 9. O-O Nc6 10. Nbd2 b6 11. Qe2 Bb7 12. Rfe1 Qc7 13. h3 Nh5 14. Qe3 Rac8 15.
Rac1 e5 16. Bc4 Na5 17. Ba2 Rfe8 18. dxe5 Bxe5 19. Nxe5 dxe5 20. Qh6 Nf4 21. Nf3
Ne6 22. Rcd1 Rcd8 23. Rxd8 Rxd8 24. Bxe6 fxe6 25. Ng5 Bc8 26. Re3 Qg7 27. Qh4 h6
28. Rf3 hxg5 29. Qxg5 Nc6 30. Rf6 Kh7 31. Qh4+ Kg8 32. Qg5 Kh7 33. Qh4+ Kg8 34.
Qg5 Kh7 35. Qh4+ Kg8 36. Qg5 Kh7 37. Qh4+ Kg8 38. Qg5 Kh7 39. Qh4+ Kg8 40. Qg5
Kh7 41. Qh4+ Kg8 42. Qg5 Kh7 43. Qh4+ Kg8 44. Qg5 Kh7 45. Qh4+ Kg8 46. Qg5 Kh7
47. Qh4+ Kg8 48. Qg5 Kh7 49. Qh4+ Kg8 50. Qg5 Kh7 51. Qh4+ Kg8 52. Qg5 Kh7 53.
Qh4+ Kg8 54. Qg5 Kh7 55. h4 Rg8 56. Bc1 Rf8 57. Rxf8 Qxf8 58. h5 Qg7 59. Qh4 Kg8
60. Bg5 gxh5 61. Qxh5 Bd7 62. Bh6 Qf7 63. Qg4+ Kh7 64. Qh4 Be8 65. g4 Kg8 66.
Bg5 Qh7 67. Bh6 Qxe4 68. Qg5+ Qg6 69. Qh4 e4 70. Bf4 e5 71. Bg5 Bd7 72. Kg2 Kg7
73. Kg3 a5 74. Be3 b5 75. g5 Qe6 76. Qh5 b4 77. cxb4 axb4 78. Bd2 b3 79. Bc3 Nd4
80. f4 exf3 81. Kf2 Qh3 82. Qxh3 Bxh3 83. Ke3 Kg6 84. Bb2 Kxg5 85. Kf2 Kg4 86.
Bc1 e4 87. Bb2 Nf5 88. Bc1 b2 89. Bxb2 e3+ 90. Ke1 f2+ 91. Kd1 f1=Q+ 92. Kc2
Qc4+ 93. Kb1 Bf1 94. Be5 Qb3+ 95. Ka1 Bd3 96. Bb2 Qa4+ 0-1

[Event "16th Corsica Masters"]
[Site "Bastia FRA"]
[Date "2012.10.27"]
[Round "5"]
[White "Brkic, Ante"]
[Black "Vaisser, Anatoly"]
[Result "1-0"]
[WhiteTitle "GM"]
[BlackTitle "GM"]
[WhiteElo "2575"]
[BlackElo "2540"]
[WhiteFideId "14506688"]
[BlackFideId "603252"]
[EventDate "2012.10.27"]

1. e4 e6 2. d4 d5 3. Nc3 dxe4 4. Nxe4 Nd7 5. Nf3 Ngf6 6. Bd3 c5 7. O-O Nxe4 8.
Bxe4 Nf6 9. Bg5 cxd4 10. Qe2 Be7 11. Rad1 Nxe4 12. Rxd4 Nd6 13. Bxe7 Qxe7 14.
Rfd1 O-O 15. Rxd6 f6 16. Nh4 e5 17. f4 e4 18. f5 b6 19. Qe3 Re8 20. g4 Qc7 21.
c3 Ba6 22. R1d4 Bd3 23. Rd7 Qc5 24. Ng2 Qb5 25. h4 Qxb2 26. Rxg7+ Kxg7 27. Rd7+
Re7 28. Rxe7+ Kf8 29. Rxh7 Rd8 30. Qh6+ 1-0

[Event "16th Corsica Masters"]
[Site "Bastia FRA"]
[Date "2012.10.27"]
[Round "5"]
[White "Philippe, Christophe"]
[Black "Blonna, Michele"]
[Result "1-0"]
[WhiteTitle "IM"]
[WhiteElo "2391"]
[BlackElo "1984"]
[WhiteFideId "610038"]
[BlackFideId "811327"]
[EventDate "2012.10.27"]

1. e4 c5 2. Nf3 d6 3. d4 cxd4 4. Nxd4 Nf6 5. Nc3 a6 6. Bc4 e6 7. Bb3 Be7 8. Be3
O-O 9. Qe2 Nc6 10. O-O-O Qc7 11. g4 Na5 12. g5 Nxb3+ 13. axb3 Nd7 14. h4 Rd8 15.
h5 Nf8 16. g6 fxg6 17. hxg6 Nxg6 18. Rxh7 Kxh7 19. Qh5+ Kg8 20. Qxg6 Bf6 21. Rh1
Qf7 22. Rh8+ Kxh8 23. Qxf7 1-0

[Event "16th Corsica Masters"]
[Site "Bastia FRA"]
[Date "2012.10.27"]
[Round "6"]
[White "Massoni, Michael"]
[Black "Pieri, Pierre-Louis"]
[Result "1-0"]
[WhiteTitle "FM"]
[WhiteElo "2381"]
[BlackElo "2050"]
[WhiteFideId "654213"]
[BlackFideId "20622627"]
[EventDate "2012.10.27"]

1. e4 e5 2. Nf3 Nc6 3. Bb5 a6 4. Ba4 Nf6 5. O-O b5 6. Bb3 Be7 7. Qe2 O-O 8. c3
d6 9. Rd1 Na5 10. Bc2 c5 11. d4 cxd4 12. cxd4 Qc7 13. h3 Re8 14. Nc3 Bb7 15.
dxe5 dxe5 16. Nd5 Bxd5 17. exd5 Rad8 18. Bg5 h6 19. Bxf6 Bxf6 20. Rac1 Qd7 21.
Be4 Nc4 22. d6 Qa7 23. Rxc4 bxc4 24. Qxc4 Re6 25. d7 Re7 26. Bc6 Rexd7 27. Bxd7
Rxd7 28. Qc8+ 1-0

[Event "16th Corsica Masters"]
[Site "Bastia FRA"]
[Date "2012.10.27"]
[Round "6"]
[White "Orndahl, Mats"]
[Black "Brkic, Ante"]
[Result "0-1"]
[BlackTitle "GM"]
[WhiteElo "2159"]
[BlackElo "2575"]
[WhiteFideId "1708988"]
[BlackFideId "14506688"]
[EventDate "2012.10.27"]

1. Nf3 d5 2. d4 Nf6 3. c4 e6 4. Nc3 Bb4 5. e3 O-O 6. Bd2 c5 7. a3 Bxc3 8. Bxc3
Ne4 9. Rc1 cxd4 10. exd4 b6 11. Be2 Bb7 12. O-O Nd7 13. Bb4 Re8 14. cxd5 Bxd5
15. a4 Ng5 16. Ne5 Nxe5 17. dxe5 Nh3+ 18. Kh1 Nf4 19. Bf3 Bxf3 20. Qxf3 Nd5 21.
Rfd1 Rc8 22. Bd6 Qd7 23. Qb3 f5 24. Qb5 Qb7 25. a5 a6 26. Qb3 b5 27. Qf3 Rxc1
28. Rxc1 Rc8 29. Rd1 Rc2 30. b3 0-1

[Event "16th Corsica Masters"]
[Site "Bastia FRA"]
[Date "2012.10.27"]
[Round "6"]
[White "Djuric, Stefan"]
[Black "Battaglini, Gabriel"]
[Result "0-1"]
[WhiteTitle "GM"]
[BlackTitle "IM"]
[WhiteElo "2445"]
[BlackElo "2434"]
[WhiteFideId "900133"]
[BlackFideId "621650"]
[EventDate "2012.10.27"]

1. d4 Nf6 2. Nf3 e6 3. c4 c5 4. e3 g6 5. Nc3 Bg7 6. Be2 O-O 7. O-O d6 8. d5 exd5
9. cxd5 a6 10. a4 Bg4 11. Nd2 Bxe2 12. Qxe2 Nbd7 13. a5 Re8 14. Nc4 Ne5 15. Nb6
Rb8 16. f4 Ned7 17. Nc4 Qe7 18. Qf3 Bf8 19. b3 Ne4 20. Nxe4 Qxe4 21. Bb2 Qxf3
22. Rxf3 b5 23. axb6 Nxb6 24. Nxb6 Rxb6 25. Bf6 Bg7 26. Bxg7 Kxg7 27. Ra3 f5 28.
h3 h5 29. Kf2 h4 30. Ke2 Re4 31. Rf2 Reb4 32. Kf3 Rxb3 33. Rxb3 Rxb3 34. Ra2 Rd3
35. Rxa6 Rxd5 36. Ke2 Kf6 37. Ra8 c4 38. Rf8+ Ke7 39. Rh8 c3 40. Rxh4 c2 41.
Rh7+ Kd8 42. Rh8+ Kc7 0-1

[Event "16th Corsica Masters"]
[Site "Bastia FRA"]
[Date "2012.10.27"]
[Round "6"]
[White "Dimitrov, Radoslav"]
[Black "Short, Nigel D"]
[Result "0-1"]
[WhiteTitle "IM"]
[BlackTitle "GM"]
[WhiteElo "2403"]
[BlackElo "2707"]
[WhiteFideId "2908549"]
[BlackFideId "400025"]
[EventDate "2012.10.27"]

1. c4 b6 2. Nc3 Bb7 3. d4 e6 4. e4 Bb4 5. f3 Ne7 6. Bd3 f5 7. exf5 Nxf5 8. Bxf5
exf5 9. Qe2+ Kf7 10. Qd3 Re8+ 11. Ne2 Qh4+ 12. g3 Bxc3+ 13. bxc3 Qf6 14. O-O Kg8
15. d5 d6 16. Nd4 Nd7 17. Bf4 Ba6 18. Rfe1 g5 19. Bd2 Ne5 20. Rxe5 dxe5 21. Nxf5
Bc8 22. Ne3 Rf8 23. Rf1 Bh3 24. Rf2 Rae8 25. Qe4 Qg6 26. Qxg6+ hxg6 27. Ng4 e4
28. Bxg5 exf3 29. Ne3 Rf5 30. Bh6 Kh7 31. g4 Kxh6 0-1

[Event "16th Corsica Masters"]
[Site "Bastia FRA"]
[Date "2012.10.27"]
[Round "6"]
[White "Podvin, Francois-xavier"]
[Black "Dimitrov, Pavel"]
[Result "1-0"]
[BlackTitle "IM"]
[WhiteElo "2139"]
[BlackElo "2321"]
[WhiteFideId "677540"]
[BlackFideId "2907470"]
[EventDate "2012.10.27"]

1. e4 e5 2. Nf3 d6 3. d4 exd4 4. Nxd4 Nf6 5. Nc3 Be7 6. g3 O-O 7. Bg2 Nc6 8. O-O
Bd7 9. h3 Nxd4 10. Qxd4 c5 11. Qd3 Bc6 12. b3 Nd7 13. Bb2 Ne5 14. Qe2 a6 15.
Rad1 Qc7 16. Nd5 Bxd5 17. exd5 Bf6 18. c4 Rfe8 19. Qc2 Nd7 20. Rfe1 Bxb2 21.
Qxb2 Qa5 22. Rxe8+ Rxe8 23. Qd2 Qxd2 24. Rxd2 Re1+ 25. Kh2 g6 26. Bf3 Kg7 27.
Re2 Ne5 28. Kg2 Ra1 29. Be4 f5 30. f4 fxe4 31. fxe5 dxe5 32. Kf2 Kf6 33. Ke3 Ke7
34. Kxe4 Kd6 35. Rf2 Re1+ 36. Kd3 e4+ 37. Kd2 Rg1 38. Rf6+ Ke5 39. Re6+ Kd4 40.
d6 Rg2+ 41. Kd1 Kd3 42. Rxe4 Rxa2 43. Kc1 Rc2+ 44. Kb1 Rd2 45. Re5 Kc3 46. Rd5
Rb2+ 47. Kc1 Ra2 48. Kd1 Rf2 49. d7 Rf8 50. d8=Q Rxd8 51. Rxd8 Kxb3 52. Rd7 b5
53. cxb5 axb5 54. Rxh7 c4 55. Rh6 b4 56. Rxg6 Kb2 57. Rc6 c3 58. h4 b3 59. h5
c2+ 60. Kd2 Kb1 61. h6 b2 62. Rxc2 Ka2 63. Ke3 Kb3 64. Rxb2+ Kxb2 65. Kd3 Kb3
66. h7 Kb4 67. h8=Q Kc5 68. Qe5+ Kc6 69. Kc4 1-0

[Event "16th Corsica Masters"]
[Site "Bastia FRA"]
[Date "2012.10.27"]
[Round "6"]
[White "Zepeda, Lorena"]
[Black "Philippe, Christophe"]
[Result "0-1"]
[WhiteTitle "WIM"]
[BlackTitle "IM"]
[WhiteElo "2154"]
[BlackElo "2391"]
[WhiteFideId "6700233"]
[BlackFideId "610038"]
[EventDate "2012.10.27"]

1. e4 c5 2. Nf3 Nc6 3. d4 cxd4 4. Nxd4 e6 5. Nb5 d6 6. Bf4 e5 7. Be3 Nf6 8. Bg5
a6 9. Bxf6 gxf6 10. N5a3 b5 11. c4 b4 12. Nc2 f5 13. Bd3 Rg8 14. exf5 Bb7 15.
Be4 Qh4 16. Nd2 Bh6 17. Bd5 O-O-O 18. Qe2 Kb8 19. O-O-O Nd4 20. Nxd4 Qxd4 21.
Bxb7 Kxb7 22. Kb1 Bxd2 23. Rxd2 Qf4 24. Qd3 Rxg2 25. Qd5+ Kc7 26. c5 Rxf2 27.
cxd6+ Kb8 28. Qc6 Qxf5+ 29. Qc2 Qxc2+ 30. Kxc2 Rxd2+ 31. Kxd2 Rxd6+ 32. Ke3 f5
33. Rf1 Rf6 34. Rg1 Rh6 35. Rg5 Rh3+ 36. Kd2 Rxh2+ 37. Kd3 Rxb2 38. Rxf5 Rxa2
39. Rxe5 Kc7 40. Kc4 Kb6 41. Re6+ Kc7 42. Re7+ Kc6 43. Rxh7 Rc2+ 44. Kb3 Rc3+
45. Kb2 Kb5 46. Rh4 Ka4 47. Rg4 0-1

[Event "16th Corsica Masters"]
[Site "Bastia FRA"]
[Date "2012.10.27"]
[Round "6"]
[White "Angelov, Zvetomir"]
[Black "Pesotskyi, Vitalii"]
[Result "1-0"]
[BlackTitle "IM"]
[WhiteElo "2108"]
[BlackElo "2283"]
[WhiteFideId "2905353"]
[BlackFideId "14101157"]
[EventDate "2012.10.27"]

1. c4 Nf6 2. Nc3 e5 3. Nf3 Nc6 4. e3 Be7 5. d4 exd4 6. Nxd4 O-O 7. Nc2 d6 8. Be2
Re8 9. O-O Bf8 10. b3 Bf5 11. Bb2 Ne4 12. Nd5 Nc5 13. Nd4 Nxd4 14. Qxd4 c6 15.
Nc3 a5 16. Qf4 Bg6 17. Rad1 Qe7 18. h4 h6 19. h5 Bh7 20. Ba3 Qe5 21. Qxe5 dxe5
22. Bxc5 Bxc5 23. Na4 Bb4 24. Rd7 Re7 25. Rfd1 Bf5 26. Rxe7 Bxe7 27. f3 Rd8 28.
Rxd8+ Bxd8 29. e4 Bc8 30. c5 Be7 31. Bc4 Kf8 32. g4 Ke8 33. Kf2 f6 34. Ke3 Kd8
35. Bf7 Kc7 36. Kd3 Kb8 37. Nb6 Bd8 38. Kc4 Be7 39. Na4 Ka7 40. b4 Kb8 41. Nb6
Kc7 42. Kc3 Kb8 43. Kc4 1-0

[Event "16th Corsica Masters"]
[Site "Bastia FRA"]
[Date "2012.10.27"]
[Round "7"]
[White "Shchekachev, Andrei"]
[Black "Humeau, Cyril"]
[Result "1-0"]
[WhiteTitle "GM"]
[BlackTitle "FM"]
[WhiteElo "2519"]
[BlackElo "2301"]
[WhiteFideId "4107730"]
[BlackFideId "624748"]
[EventDate "2012.10.27"]

1. Nf3 d5 2. d4 Nf6 3. c4 dxc4 4. e3 e6 5. Bxc4 a6 6. O-O c5 7. e4 b5 8. Bd3 Bb7
9. Re1 cxd4 10. a4 b4 11. Nbd2 Nc6 12. e5 Nd5 13. Nb3 Be7 14. Nfxd4 Nxd4 15.
Nxd4 O-O 16. Qg4 Re8 17. Bh6 g6 18. Nxe6 fxe6 19. Bxg6 Kh8 20. Bxe8 Bf6 21. exf6
Qxf6 22. Rxe6 Qxb2 23. Rae1 Qc3 24. Bf7 Bc6 25. Rc1 1-0

[Event "16th Corsica Masters"]
[Site "Bastia FRA"]
[Date "2012.10.27"]
[Round "7"]
[White "Philippe, Christophe"]
[Black "Angelov, Zvetomir"]
[Result "1-0"]
[WhiteTitle "IM"]
[WhiteElo "2391"]
[BlackElo "2108"]
[WhiteFideId "610038"]
[BlackFideId "2905353"]
[EventDate "2012.10.27"]

1. e4 e5 2. Nc3 Nf6 3. f4 d6 4. Nf3 Nc6 5. Bb5 Bg4 6. h3 Bd7 7. d3 Nd4 8. Bxd7+
Qxd7 9. O-O Nxf3+ 10. Qxf3 O-O-O 11. Kh1 Be7 12. a4 h6 13. b4 a6 14. a5 Qc6 15.
Bd2 d5 16. fxe5 dxe4 17. Qf5+ Nd7 18. Nxe4 g6 19. Qxf7 Bg5 20. Bc3 Rhf8 21. Qb3
Be7 22. e6 Rxf1+ 23. Rxf1 Nf8 24. Rf7 Re8 25. Bf6 Bd8 26. e7 Bxe7 27. Rxe7 Rxe7
28. Bxe7 Ne6 29. Nc5 Nxc5 30. Qg8+ Kd7 31. Qd8+ Ke6 32. Bxc5 h5 33. c4 Qa4 34.
Qe7+ Kf5 35. Qe4+ Kf6 36. Bd4+ Kf7 37. Qd5+ 1-0

[Event "16th Corsica Masters"]
[Site "Bastia FRA"]
[Date "2012.10.27"]
[Round "7"]
[White "Utrera, Ludovic"]
[Black "Vaisser, Anatoly"]
[Result "0-1"]
[BlackTitle "GM"]
[WhiteElo "1963"]
[BlackElo "2540"]
[WhiteFideId "20604580"]
[BlackFideId "603252"]
[EventDate "2012.10.27"]

1. e4 c5 2. Nf3 Nc6 3. d4 cxd4 4. Nxd4 Nf6 5. Nc3 e5 6. Ndb5 d6 7. Bg5 a6 8. Na3
b5 9. Nd5 Be7 10. Bxf6 Bxf6 11. c4 b4 12. Nc2 Bg5 13. Bd3 a5 14. O-O O-O 15. Qf3
g6 16. Rad1 Be6 17. Be2 f5 18. exf5 Bxf5 19. Nde3 Ne7 20. Nxf5 gxf5 21. c5 d5
22. Qg3 Ng6 23. Bc4 Nf4 24. Qb3 Kh8 25. Bxd5 Ra7 26. c6 Qe7 27. Rfe1 Qf6 28. Ne3
e4 29. Qc4 Nd3 30. c7 Rc8 31. Nxf5 Raa8 0-1

[Event "16th Corsica Masters"]
[Site "Bastia FRA"]
[Date "2012.10.27"]
[Round "7"]
[White "Battaglini, Gabriel"]
[Black "Short, Nigel D"]
[Result "1-0"]
[WhiteTitle "IM"]
[BlackTitle "GM"]
[WhiteElo "2434"]
[BlackElo "2707"]
[WhiteFideId "621650"]
[BlackFideId "400025"]
[EventDate "2012.10.27"]

1. d4 e6 2. c4 b6 3. Nc3 Bb4 4. Nf3 Bb7 5. e3 Bxc3+ 6. bxc3 d6 7. Bd3 Nd7 8. O-O
e5 9. Nd2 Ne7 10. a4 O-O 11. a5 Rb8 12. axb6 axb6 13. Be4 Bxe4 14. Nxe4 h6 15.
c5 d5 16. Ng3 bxc5 17. Ba3 cxd4 18. cxd4 Re8 19. Rc1 Rb7 20. Qf3 e4 21. Bxe7
Qxe7 22. Qf4 Qg5 23. Qxg5 hxg5 24. Rc6 Nb8 25. Rc5 c6 26. Rfc1 g6 27. Ne2 Kf8
28. Nc3 Ra7 29. Nb1 Ke7 30. Nd2 Kd6 31. Nb3 Ree7 32. Na5 Ra6 33. Rb1 Nd7 34.
Nb7+ Kc7 35. Rcc1 g4 36. Nc5 Nxc5 37. Rxc5 Re8 38. h3 gxh3 39. gxh3 Rb8 40. Rbc1
Kd6 41. Kg2 g5 42. Kg3 f5 43. R1c3 Rb1 44. Rc1 Rxc1 45. Rxc1 Ra3 46. Re1 Rd3 47.
h4 f4+ 48. Kg4 fxe3 49. fxe3 gxh4 50. Kxh4 c5 51. dxc5+ Kxc5 52. Kg4 Rd2 53.
Rc1+ Kd6 54. Kg3 Ra2 55. Rc3 Re2 56. Ra3 Rd2 57. Ra1 Re2 58. Ra3 Ke5 59. Rb3 Rd2
60. Rb1 Kd6 61. Rc1 d4 62. Kf4 Kd5 63. exd4 Kxd4 64. Ra1 Rf2+ 65. Kg3 Rc2 66.
Re1 e3 67. Kf3 Rf2+ 68. Kg3 Rf8 69. Ra1 e2 1-0

[Event "16th Corsica Masters"]
[Site "Bastia FRA"]
[Date "2012.10.27"]
[Round "7"]
[White "Carvallo, Henri"]
[Black "Djuric, Stefan"]
[Result "0-1"]
[BlackTitle "GM"]
[WhiteElo "2167"]
[BlackElo "2445"]
[WhiteFideId "619914"]
[BlackFideId "900133"]
[EventDate "2012.10.27"]

1. d4 Nf6 2. Bf4 c5 3. e3 Qb6 4. Na3 d6 5. d5 g6 6. Nc4 Qc7 7. a4 Bg7 8. Ne2 Nh5
9. Bg5 h6 10. Bh4 O-O 11. Nc3 f5 12. Be2 Nf6 13. Bg3 a6 14. a5 Nbd7 15. O-O b5
16. axb6 Nxb6 17. Nxb6 Qxb6 18. Ra2 Bd7 19. Qd2 a5 20. Rfa1 Rfb8 21. Bf3 Qb4 22.
Qd3 a4 23. e4 Qd4 24. Ne2 Qxd3 25. cxd3 fxe4 26. dxe4 Ng4 27. Bxg4 Bxg4 28. Nc3
a3 29. Rxa3 Rxa3 30. Rxa3 Rxb2 31. f3 Bd4+ 32. Kf1 Bd7 33. Ne2 Bb5 34. Be1 Bd7
35. Nc3 Kf7 36. Ra7 Be8 37. Ra3 g5 38. h4 Rc2 39. hxg5 hxg5 40. g4 Kf6 41. Ra2
Bb5+ 0-1